00756nam a2200217 i 450000100060000000300090000600500170001500700030003200800410003502000180007610000300009424500960012426000460022030000260026650000130029270000310030570000300033685200330036699900170039995201220041687364ES-MaACL20230906175645.0t|041221s1983 xxu ||||1| eng d a0-471-88561-41 aKrauss, Herbert L.96877110aSolid state radio engineering / cHerbert L. Krauss, Charles W. Bostian, Frederick H. Raab. aNew York : bJohn Wiley and Sons, c1983. aXV, 534 p. ; c22 cm. aIndices.1 aBostian, Charles W.9307261 aRaab, Frederick H.994823 aES-MaACLjL-11664 bR.113670 c87364d87364 00104070aATENEOMbATENEOMcDEPO2d2008-01-17eSCl0oL-11664p1091272r2023-02-23 00:00:00w2023-02-23yMONOGRAFIA